<?xml version="1.0" encoding="UTF-8"?>
<record
    xmlns:xsi="http://www.w3.org/2001/XMLSchema-instance"
    xsi:schemaLocation="http://www.loc.gov/MARC21/slim http://www.loc.gov/standards/marcxml/schema/MARC21slim.xsd"
    xmlns="http://www.loc.gov/MARC21/slim">

  <leader>02204nam a2200349 a 4500</leader>
  <controlfield tag="001">000043525</controlfield>
  <controlfield tag="005">20260428073714.0</controlfield>
  <controlfield tag="008">140324s2009    dr            000 0 spa d</controlfield>
  <datafield tag="020" ind1=" " ind2=" ">
    <subfield code="a">97899454124352</subfield>
  </datafield>
  <datafield tag="040" ind1=" " ind2=" ">
    <subfield code="a">DO-SdBNP</subfield>
    <subfield code="b">spa</subfield>
    <subfield code="c">BNPHU</subfield>
  </datafield>
  <datafield tag="082" ind1=" " ind2=" ">
    <subfield code="a">070.44</subfield>
    <subfield code="b">P925p, 2008</subfield>
  </datafield>
  <datafield tag="111" ind1="2" ind2=" ">
    <subfield code="a">Premios de Funglode de periodismo</subfield>
    <subfield code="d">(2008 :</subfield>
    <subfield code="c">Santo Domingo)</subfield>
    <subfield code="9">71263</subfield>
  </datafield>
  <datafield tag="245" ind1="1" ind2="0">
    <subfield code="a">Premio de periodismo Rafael Herrera .</subfield>
  </datafield>
  <datafield tag="260" ind1=" " ind2=" ">
    <subfield code="a">Santo Domingo :</subfield>
    <subfield code="b">FUNGLODE,</subfield>
    <subfield code="c">2009.</subfield>
  </datafield>
  <datafield tag="300" ind1=" " ind2=" ">
    <subfield code="a">68 p. ;</subfield>
    <subfield code="c">26 cm.</subfield>
  </datafield>
  <datafield tag="490" ind1="1" ind2=" ">
    <subfield code="a">Premios Funglode/GFDD 2008</subfield>
    <subfield code="a">periodismo</subfield>
    <subfield code="v">4</subfield>
  </datafield>
  <datafield tag="505" ind1="0" ind2=" ">
    <subfield code="g">primer lugar</subfield>
    <subfield code="t">Serie desarrollo humano/</subfield>
    <subfield code="r">Riamny Mar&#xED;a M&#xE9;ndez F&#xE9;liz, Linda Valdez Zambrano --</subfield>
    <subfield code="g">Segundo lugar--</subfield>
    <subfield code="t">Ni&#xF1;as se exponen viendo flores de noche /</subfield>
    <subfield code="r">Arlenes Reyes S&#xE1;nchez</subfield>
    <subfield code="g">Tercer lugar</subfield>
    <subfield code="t">La violencia dom&#xE9;stica no tiene clase social /</subfield>
    <subfield code="r">Grisbel M&#xE9;dina Rodr&#xED;guez --</subfield>
    <subfield code="g">Primera mensi&#xF3;n --</subfield>
    <subfield code="t">Las naciones sociedades de intereses y miedos /</subfield>
    <subfield code="r">Lery Laura Pi&#xF1;a --</subfield>
    <subfield code="g">Segunda Mensi&#xF3;n</subfield>
    <subfield code="t">En los bateyes todav&#xED;a la gente se muere de misterios /</subfield>
    <subfield code="r">Lery Laura Pi&#xF1;a--</subfield>
    <subfield code="g">Tercera Mensi&#xF3;n</subfield>
    <subfield code="t">Estudiantes universitario : los h&#xE9;roes de todos los d&#xED;as /</subfield>
    <subfield code="r">Rainier A. Maldonado Tapia, Jhonatan Manuel Liriano Lizardo.</subfield>
  </datafield>
  <datafield tag="650" ind1=" " ind2="4">
    <subfield code="a">Periodismo</subfield>
    <subfield code="z">Rep&#xFA;blica Dominicana</subfield>
    <subfield code="9">36</subfield>
  </datafield>
  <datafield tag="650" ind1=" " ind2="0">
    <subfield code="a">Literatura dominicana.</subfield>
    <subfield code="9">67</subfield>
  </datafield>
  <datafield tag="650" ind1=" " ind2="4">
    <subfield code="a">Cert&#xE1;menes literarios</subfield>
    <subfield code="9">1541</subfield>
  </datafield>
  <datafield tag="650" ind1=" " ind2="0">
    <subfield code="a">Premios literarios </subfield>
    <subfield code="9">1542</subfield>
  </datafield>
  <datafield tag="700" ind1="1" ind2="2">
    <subfield code="a">M&#xE9;ndez F&#xE9;liz, Riamny Mar&#xED;a</subfield>
    <subfield code="t">Serie Desarrollo humano</subfield>
    <subfield code="9">71264</subfield>
  </datafield>
  <datafield tag="700" ind1="1" ind2="2">
    <subfield code="a">Reyes S&#xE1;nchez, Arlenes</subfield>
    <subfield code="t">Serie Ni&#xF1;as se exponen viendo flores de noche</subfield>
    <subfield code="9">71265</subfield>
  </datafield>
  <datafield tag="700" ind1="1" ind2="2">
    <subfield code="a">M&#xE9;dina Rodr&#xED;guez, Grisbel</subfield>
    <subfield code="t">La violencia dom&#xE9;stica no tiene clase social</subfield>
    <subfield code="9">71266</subfield>
  </datafield>
  <datafield tag="700" ind1="1" ind2="2">
    <subfield code="a">Pi&#xF1;a, Ley Laura</subfield>
    <subfield code="t">Las naciones sociedades de intereses y miedos</subfield>
    <subfield code="9">71267</subfield>
  </datafield>
  <datafield tag="700" ind1="1" ind2="2">
    <subfield code="a">Pi&#xF1;a, Ley Laura</subfield>
    <subfield code="t">En los bateyes todav&#xED;a la gente se muere de misterios</subfield>
    <subfield code="9">71268</subfield>
  </datafield>
  <datafield tag="700" ind1="1" ind2="2">
    <subfield code="a">Liriano Lizardo, Jhonatan Manuel</subfield>
    <subfield code="t">Estudiantes universitario : los h&#xE9;roes de todos los d&#xED;as</subfield>
    <subfield code="9">71269</subfield>
  </datafield>
  <datafield tag="700" ind1="1" ind2="2">
    <subfield code="a">Maldonado Tapia, Rainier A.</subfield>
    <subfield code="t">Estudiantes universitario : los h&#xE9;roes de todos los d&#xED;as</subfield>
    <subfield code="9">71270</subfield>
  </datafield>
  <datafield tag="710" ind1="2" ind2="2">
    <subfield code="a">Fundaci&#xF3;n Global Democrac&#xED;a y Desarrollo</subfield>
    <subfield code="9">25477</subfield>
  </datafield>
  <datafield tag="830" ind1=" " ind2="0">
    <subfield code="a">Premios Funglode/GFDD 2008</subfield>
    <subfield code="p">Preriodismo</subfield>
    <subfield code="n">4</subfield>
    <subfield code="9">71271</subfield>
  </datafield>
  <datafield tag="910" ind1=" " ind2=" ">
    <subfield code="a">Validado. Control de calidad MFF</subfield>
  </datafield>
  <datafield tag="952" ind1=" " ind2=" ">
    <subfield code="0">0</subfield>
    <subfield code="1">0</subfield>
    <subfield code="5">2</subfield>
    <subfield code="7">0</subfield>
    <subfield code="8">DS</subfield>
    <subfield code="a">GR</subfield>
    <subfield code="b">GR</subfield>
    <subfield code="c">HD</subfield>
    <subfield code="d">2014-03-24</subfield>
    <subfield code="i">LF1</subfield>
    <subfield code="l">0</subfield>
    <subfield code="o">070.44 P925p, 2008</subfield>
    <subfield code="p">43525-30</subfield>
    <subfield code="r">2020-06-25</subfield>
    <subfield code="t">e. 3</subfield>
    <subfield code="w">2020-06-25</subfield>
    <subfield code="y">LFDS</subfield>
    <subfield code="Z">Pr&#xE9;stamo interno</subfield>
  </datafield>
  <datafield tag="952" ind1=" " ind2=" ">
    <subfield code="0">0</subfield>
    <subfield code="1">0</subfield>
    <subfield code="7">1</subfield>
    <subfield code="8">PD</subfield>
    <subfield code="a">PD</subfield>
    <subfield code="b">PD</subfield>
    <subfield code="c">HD</subfield>
    <subfield code="d">2014-03-24</subfield>
    <subfield code="i">LF1</subfield>
    <subfield code="l">0</subfield>
    <subfield code="o">070.44 P925p, 2008</subfield>
    <subfield code="p">43525-10</subfield>
    <subfield code="r">2020-06-25</subfield>
    <subfield code="w">2020-06-25</subfield>
    <subfield code="y">LFPD</subfield>
    <subfield code="Z">No se presta</subfield>
  </datafield>
  <datafield tag="952" ind1=" " ind2=" ">
    <subfield code="0">0</subfield>
    <subfield code="1">0</subfield>
    <subfield code="7">1</subfield>
    <subfield code="8">PD</subfield>
    <subfield code="a">PD</subfield>
    <subfield code="b">PD</subfield>
    <subfield code="c">HD</subfield>
    <subfield code="d">2014-03-24</subfield>
    <subfield code="i">LF1</subfield>
    <subfield code="l">0</subfield>
    <subfield code="o">070.44 P925p, 2008</subfield>
    <subfield code="p">43525-20</subfield>
    <subfield code="r">2020-06-25</subfield>
    <subfield code="t">e. 2</subfield>
    <subfield code="w">2020-06-25</subfield>
    <subfield code="y">LFPD</subfield>
    <subfield code="Z">No se presta</subfield>
  </datafield>
  <datafield tag="999" ind1=" " ind2=" ">
    <subfield code="c">43014</subfield>
    <subfield code="d">43014</subfield>
  </datafield>
</record>
